Fisica Programada Volumen I : Mecánica / Alexander Joseph, Daniel J. Leahy (Registro nro. 21465)

Detalles MARC
000 -LÍDER
fixed length control field 00435nam a2200145 4500
008 - ELEMENTOS DE LONGITUD FIJA -- INFORMACIÓN GENERAL
fixed length control field 0 1972 0a 000 0Mex
020 ## - NÚMERO INTERNACIONAL NORMALIZADO PARA LIBROS
ISBN s/n
082 ## - NUMERO DE CLASIFICACION DECIMAL DEWEY
Número de Clasificación 531.077 J853f
100 ## - ASIENTO PRINCIPAL--NOMBRE PERSONAL
Nombre personal Joseph, Alexander
245 ## - TÍTULO
Título Fisica Programada Volumen I : Mecánica / Alexander Joseph, Daniel J. Leahy
260 ## - PUBLICACIÓN, DISTRIBUCIÓN, ETC. (PIE DE IMPRENTA)
Lugar de publicación, distribución, etc. México : Limusa
300 ## - DESCRIPCIÓN FÍSICA
Extensión 383 p. / 23 cm.
650 ## - ASIENTO SECUNDARIO DE MATERIA - TERMINO TEMÁTICO
Término temático o nombre geográfico como elemento de entrada 1. FISICA- MECANICA
700 ## - ASIENTO SECUNDARIO - NOMBRE PERSONAL
Nombre personal 1. Leahy, Daniel J., coaut.
Existencias
No. biblioteca No. biblioteca Número de clasificación Código de barras/Número de adquisición Número de copia Tipo de material
LUIS G. INCLAN LUIS G. INCLAN 531.077 J853f 3764 1001 Libros
LUIS G. INCLAN LUIS G. INCLAN 531.077 J853f 3769 1006 Libros
LUIS G. INCLAN LUIS G. INCLAN 531.077 J853f 3765 1002 Libros
LUIS G. INCLAN LUIS G. INCLAN 531.077 J853f 3767 1004 Libros
LUIS G. INCLAN LUIS G. INCLAN 531.077 J853f 3768 1005 Libros
LUIS G. INCLAN LUIS G. INCLAN 531.077 J853f 3773 1010 Libros
LUIS G. INCLAN LUIS G. INCLAN 531.077 J853f 3774 1011 Libros
LUIS G. INCLAN LUIS G. INCLAN 531.077 J853f 3766 1003 Libros
LUIS G. INCLAN LUIS G. INCLAN 531.077 J853f 3770 1007 Libros
LUIS G. INCLAN LUIS G. INCLAN 531.077 J853f 3771 1008 Libros
LUIS G. INCLAN LUIS G. INCLAN 531.077 J853f 3772 1009 Libros
Calzada Tecnológico # 27, Zacatepec, Morelos.
01(734) 343-07-23 / 343-21-10 / 343-21-11
Apdo. Postal 45 C.P 62780